| 000 | 00505nam a2200217Ia 4500 | ||
|---|---|---|---|
| 003 | OSt | ||
| 005 | 20221005124054.0 | ||
| 006 | a|||||r|||| 00| 0 | ||
| 007 | ta | ||
| 008 | 221004b |||||||| |||| 00| 0 eng d | ||
| 024 | _a33917 | ||
| 037 | _cTextual | ||
| 040 |
_aCRL _cCRL _beng |
||
| 041 |
_2eng _aeng |
||
| 082 | _aN53xM5, J8 | ||
| 245 | 0 | _aMasterpieces of British painting | |
| 260 | _c1958 | ||
| 650 | _aARTS | ||
| 942 |
_hN53xM5, J8 _cTEXL _2cc |
||
| 999 |
_c1049373 _d1049373 |
||